000 01122nam a2200241 a 4500
001 39445
003 BD-RjUL
005 20211209053007.0
008 160411m19991996bg ||||| |||| 001 0 ben d
020 _a9840501607
_c: Tk.120.00
035 _a(BD-RjUL)39558
040 _aBD-RjUL
_bben
_cBD-RjUL
041 _aben
082 _223
_a320.014
_bRAA 1999
100 _aরহমান, মুহাম্মদ হাবিবুর
_9121457
245 1 0 _aআমরা কি যাব না তাদের কাছে যারা শুধু বাংলায় কথা বলে /
_cমুহাম্মদ হাবিবুর রহমান
260 _aঢাকা :
_bইউনিভার্সিটি প্রেস লিমিটেড,
_c১৯৯৬ [মুদ্রণ ১৯৯৯-২০১৪].
300 _a[৭] ১১০ পৃ. ;
_c২১ সেমি.
500 _aনির্ঘন্ট সংযুক্ত
650 _aবাংলা ভাষা আন্দোলন
_vইতিহাস
_9121580
650 _aBengali language movement
_vHistory
_9121581
942 _2ddc
_cBK
999 _c39445
_d39445